000 00391 a2200157 4500
001 164781
020 _a
040 _cMagnum
100 _aRobson, Pam
240 1 0 _aO elemento misterioso:uma historia sobre marie curie
_lpor
245 1 0 _aO elemento misterioso:uma historia sobre marie curie
362 0 _a1899
440 1 _aModerna
697 _aIJ/SOCIEDADE COTIDIANO
942 _cBK
999 _c164781
_d164781